| 000 | 00823nac a22002537a 4500 | ||
|---|---|---|---|
| 001 | BR6100194 | ||
| 003 | BR-BrBNA | ||
| 005 | 20240105113239.0 | ||
| 008 | 230509b bl.|||m| |||| 00| 0 por d | ||
| 040 |
_aBR-BrBNA _bpor _cBiblioteca Nacional de Agricultura |
||
| 072 | _aU10; H00 | ||
| 090 | _a3875 BR6100194 | ||
| 100 | 1 | _aAmaral, E. | |
| 110 | 1 |
_aInstituto Agronomico do Sul, Pelotas, RS (Brasil) _95634 |
|
| 245 | 1 | _aMinimos quadrados e substituicao linear de variaveis [Estatistica; Fungicida; Brasil] | |
| 260 | 3 |
_aPelotas, RS (Brasil): _c1961. |
|
| 300 | _a26 p. | ||
| 490 |
_aBoletim Tecnico - Instituto Agronomico do Sul (Brazil) _vno. 30 _x |
||
| 500 | _aSummaries (En, Pt) | ||
| 650 | _aFUNGICIDA | ||
| 650 | _aESTATISTICA | ||
| 909 |
_a202312 _bLúcia Elande _c55 _dLúcia Elande |
||
| 942 |
_2AGRIS _n0 _cMS |
||
| 999 |
_c262676 _d262676 |
||